000 00908cam a2200193 4500
001 ABS61272
008 000000n1999 000 0 eng u
035 _a(Sirsi) u101893
100 _aParisotti, M.
245 4 _aThe PFI's poisoned chalice.
260 _c1999
490 _aBuilding
_v264(8102) 3 September 1999, 52-53(2)
520 _aOutlines the role of the due diligence advisor or independent certifier who checks the due diligence requirements of PFI contracts. This could include both checking the work of other consultants, and also that the clients own requirements are correct. It is a new business opportunity, but carries the risk that if anything checked goes wrong, the advisor could be liable for 100% of the damages.
650 _aPFI
650 _aPRIVATE FINANCE INITIATIVE
650 _aLIABILITY
690 _aMANAGEMENT-BUSINESS MANAGEMENT-PROFESSIONAL PRACTICE
942 _n0
999 _c60994
_d60994